01133 a2200181 45000010006000000050017000060080041000230030015000640400040000790800032001192450029001510200018001802640051001983000019002495050567002681000017008358560099008524732720260407155741.0260407a1998 arg spa dAR-UNSa-BCEJYS aAR-UNSa-BCEJYSbspacAR-UNSa-BCEJYS a330(82)xEconomia Argentina10aEl capitalismo argentino a950-557-246-8 1aMéxico :bFondo de Cultura Económicac1998 a140 p.c17 cm. aPrimera Parte: Desarrollo y subdesarrollo en el mundo global: 1. El sistema internacional - 2. El sendero del desarrollo - Segunda Parte: La trayectoria del capitalismo argentino: 3. La economía primario-exportadora (1860-1930) - 4. La industrialización sustitutiva de importaciones (1930-1975) - 5. La crisis económica y la reconstrucción democrática (1976-1989) - 6. Las reformas del gobierno de Menem - Tercera Parte: Las perspectivas: 7. El capitalismo argentino a finales del siglo XX - 8. Otro capitalismo necesario y posible - 9. El Mercosur - 1 aFerrer, Aldo41uhttps://www.biblioeco.unsa.edu.ar/pmb/images/libros/L127476.jpgyImagen de portadaqimage/jpeg